[Event "Madrid San Viator op-A 27th"]
[Site "Madrid"]
[Date "2016.10.09"]
[Round "3"]
[White "Martinez Sanz, Ignacio"]
[Black "Barahona Torrijos, Angel"]
[Result "1/2-1/2"]
[WhiteElo "1705"]
[BlackElo "1848"]
[PlyCount "138"]
[EventDate "2016.09.25"]
[EventType "swiss"]
[EventRounds "9"]
[EventCountry "ESP"]
[SourceTitle "EXT 2017"]
[Source "ChessBase"]
[SourceDate "2016.10.25"]
[SourceVersion "1"]
[SourceVersionDate "2016.10.25"]
[SourceQuality "1"]

1. d4 Nf6 2. Nf3 c5 3. e3 cxd4 4. exd4 d5 5. Bd3 Nc6 6. c3 Bg4 7. Bf4 e6 8. Nbd2 Bd6 9. Bg3 Nh5 10. Bxd6 Qxd6 11. h3 Nf4 12. Bf1 Bf5 13. Nb3 0-0 14. g3 Ng6 15. Bg2 e5 16. dxe5 Ngxe5 17. Nxe5 Qxe5+ 18. Qe2 Rfe8 19. Qxe5 Rxe5+ 20. Kd2 Rd8 21. Rae1 f6 22. f4 Rxe1 23. Rxe1 Be4 24. Bf1 f5 25. Ke3 Kf7 26. Rd1 h6 27. Bd3 Re8 28. Kf2 g5 29. Bxe4 dxe4 30. Rd6 Rd8 31. Rxh6 gxf4 32. gxf4 Rd3 33. Rh7+ Kg6 34. Rxb7 Rxh3 35. Rd7 Rf3+ 36. Ke2 Kh5 37. Rc7 Nd8 38. Nd4 Rxf4 39. Rd7 Rh4 40. Ke3 Kg6 41. Rxd8 Rh2 42. Rd6+ Kg5 43. Ne6+ Kg4 44. Rd2 Rh3+ 45. Kd4 Rh6 46. Ke5 e3 47. Re2 Rxe6+ 48. Kxe6 f4 49. c4 Kf3 50. Rc2 e2 51. Rc1 Ke3 52. c5 f3 53. c6 f2 54. c7 f1Q 55. c8Q e1Q 56. Qc5+ Kf3+ 57. Rxe1 Qxe1+ 58. Qe5 Qc1 59. Qc3+ Qxc3 60. bxc3 Ke4 61. Kd6 Kd3 62. Kc5 Kxc3 63. a4 a5 64. Kb5 Kd4 65. Kxa5 Kc5 66. Ka6 Kc6 67. Ka7 Kc7 68. a5 Kc8 69. Ka8 Kc7 1/2-1/2

[Event "Madrid San Viator op-B 25th"]
[Site "Madrid"]
[Date "2015.10.18"]
[Round "4"]
[White "Ramos Antona, Enrique"]
[Black "Martinez Sanz, Ignacio"]
[Result "1/2-1/2"]
[WhiteElo "1577"]
[BlackElo "1644"]
[PlyCount "78"]
[EventDate "2015.10.04"]
[EventType "swiss"]
[EventRounds "9"]
[EventCountry "ESP"]
[SourceTitle "EXT 2019"]
[Source "ChessBase"]
[SourceDate "2018.10.10"]
[SourceVersion "1"]
[SourceVersionDate "2018.10.10"]
[SourceQuality "1"]

1. d4 Nf6 2. Nc3 d5 3. g3 Nbd7 4. Bg2 c6 5. e4 dxe4 6. Nxe4 Nxe4 7. Bxe4 Nf6 8. Bg2 e6 9. Ne2 c5 10. c3 cxd4 11. Nxd4 Bc5 12. 0-0 Bxd4 13. Qa4+ Qd7 14. Qxd4 Qxd4 15. cxd4 0-0 16. Be3 Nd5 17. Bd2 Bd7 18. Bxd5 exd5 19. Rfe1 Rfe8 20. Re5 Bc6 21. Rae1 f6 22. Re7 Rxe7 23. Rxe7 Re8 24. Rxe8+ Bxe8 25. f4 Kf7 26. Kf2 Kg6 27. g4 h5 28. f5+ Kf7 29. Kg3 hxg4 30. Kxg4 Bb5 31. Bb4 Bd3 32. a3 a6 33. h4 Be2+ 34. Kf4 g6 35. fxg6+ Kxg6 36. Be7 Bb5 37. Bb4 Bd7 38. Be7 Kf7 39. Bb4 Kg6 1/2-1/2

[Event "Castilla La Mancha Region U16"]
[Site "Horche"]
[Date "2015.03.30"]
[Round "6.5"]
[White "Simon Escalona, Irene"]
[Black "Martinez Sanz, Ignacio"]
[Result "0-1"]
[WhiteElo "1535"]
[BlackElo "1652"]
[PlyCount "126"]
[EventDate "2015.03.27"]
[EventType "swiss"]
[EventRounds "6"]
[EventCountry "ESP"]
[SourceTitle "EXT 2024"]
[Source "ChessBase"]
[SourceDate "2023.10.10"]
[SourceVersion "1"]
[SourceVersionDate "2023.10.10"]
[SourceQuality "1"]

1. e4 e6 2. d4 d5 3. exd5 exd5 4. Nf3 Bd6 5. Bd3 Bg4 6. Be3 Nc6 7. c3 Nge7 8. 0-0 Qd7 9. Nbd2 0-0-0 10. b4 Rdg8 11. Nb3 Nf5 12. Be2 g5 13. Nfd2 Bxe2 14. Qxe2 h5 15. Nc5 Qe7 16. Qf3 Nxe3 17. fxe3 g4 18. Qf5+ Kb8 19. e4 Bxc5 20. bxc5 dxe4 21. Nxe4 Re8 22. Rae1 Nd8 23. Rf2 Qe6 24. Qxe6 Rxe6 25. Rfe2 Rhe8 26. Kf2 Kc8 27. Ng3 Rxe2+ 28. Rxe2 Rxe2+ 29. Kxe2 h4 30. Nf5 Kd7 31. Nxh4 Ke6 32. Ke3 Kd5 33. Kd3 b5 34. Nf5 Ke6 35. Ke4 a5 36. d5+ Kf6 37. Ne3 Kg5 38. g3 f6 39. Nf5 Nb7 40. Nd4 Nxc5+ 41. Ke3 f5 42. Nc6 Kf6 43. Kd4 Nb7 44. c4 bxc4 45. Kxc4 Nd6+ 46. Kd4 a4 47. Nb4 Nb5+ 48. Kc4 Nd6+ 49. Kc5 Ke5 50. Na6 Ne4+ 51. Kc6 Nc3 52. Nxc7 Nxa2 53. d6 Nb4+ 54. Kc5 Nd3+ 55. Kc6 Kf6 56. d7 Ne5+ 57. Kd5 Nxd7 58. Nb5 Kg5 59. Na3 f4 60. gxf4+ Kxf4 61. Kd4 Kf3 62. Kd3 Kg2 63. Ke2 Kxh2 0-1